00752nam a2200241Ia 4500003000900000008004100009040001300050040001300063041000800076100002400084245005000108250001100158260001400169260000900183300001100192300001000203490002700213490000600240600004300246942000700289999001700296952019700313IT-RoPAU120407s9999 xx 000 0 und d aIT-RoPAU cIT-RoPAU aita aAnna Maria Battista a"Lo spirito liberale e lo spirito religioso " aMilano aJaka Book c1976 a201 p. c23 cm aDi fronte e attraverso v1 aTocqueville nel dibattito sulla scuola cBK c28411d28411 00102ddc406376_18000000000000071aPAULUSbPAULUSd2012-04-11l0o376.18r2012-04-11 00:00:00w2012-04-11yBKzInserito da: Carla In data: 24 ottobre 2011 fondo: Via A.Severo 56 Progr:24912